| 000 | 00578nam a22001097a 4500 | ||
|---|---|---|---|
| 999 |
_c2936 _d2936 |
||
| 008 | 190128b ||||| |||| 00| 0 eng d | ||
| 100 | _aWallace, Clayton | ||
| 245 | _aThe London 1945 United Nations slogan cancellations (2nd Ed?) | ||
| 260 |
_bClayton J. Wallace _c2000? |
||
| 650 | _aGreat Britain -- London | Postal Markings -- Slogan | 1945 | Machine Cancels | Post Offices | Postal Rates | Air Mail | Air Mail -- Rates | Covers | Postal History | Collecting -- Arrangement and Mounting | Topical Collecting | Exhibits | United Nations | Bibliographies | ||
| 700 | _aBarnes, William | ||